Foreigners in Australia by Country of Birth - Statistics

General Stats
  • This quiz has been taken 948 times
  • The average score is 17 of 24
Answer Stats
Hint Answer % Correct
318,969 China
98%
74,955 Hong Kong
98%
1,096,293 United Kingdom
98%
77,009 United States
95%
295,362 India
94%
483,398 New Zealand
92%
63,159 Indonesia
89%
108,002 Germany
85%
185,039 Vietnam
82%
185,402 Italy
81%
116,196 Malaysia
77%
67,315 Ireland
72%
74,538 South Korea
72%
99,938 Greece
70%
145,683 South Africa
69%
171,233 Philippines
66%
56,978 Fiji
56%
48,677 Poland
56%
48,647 Singapore
56%
86,412 Sri Lanka
52%
48,169 Iraq
51%
76,046 Netherlands
48%
76,450 Lebanon
36%
48,828 Croatia
33%
No matching quizzes found
Score Distribution
Percent of People with Each Score
Percentile by Number Answered
Your Score History
You have not taken this quiz